Дело об отсылке в Губернское правление сведений о службе музыканта Крамера

Доступно только в Электронных читальных залах Найти на картеНа карте
RUSMARC
00003981nmc2a22000003x 450
0012c649d57-7255-457b-8d20-0d02f12a91bb
00520181009155959.0
100##$a20161221l18211821k l0rusy0189 ca
1010#$arus
102##$aRU
2001#$aДело об отсылке в Губернское правление сведений о службе музыканта Крамера
$j7-17 сентября 1821 г.
251##$cДело
300##$aДело
300##$aОриг. заголовок дела: Дело по запросу Губернского правления о службе музыканта Кремера. 7 сентября 1821 г. - 17 сентября 1821 г
801#0$aRU
$bРГИА
$c20161221
$gRCR
801#1$aRU
$bГлавНИВЦ
$c20161221
$2rusmarc
801#2$aRU
$bПБ им. Б.Н. Ельцина
$c20181009
$gRCR
$2rusmarc
850##$aРГИА
852##$aРГИА
$eФедеральное казенное учреждение "Российский государственный исторический архив" (РГИА)
$j2111
937##$hРГИА
$d12235093
$aASBIBLIO_SCAN
462#0$1001dd3991dc-24e1-42ec-8838-ca4255420416
$12001
$a1746-1850 гг.
$1251
$cОпись
$1852
$j1
461#0$10019264ebf8-de62-4f1a-9eb4-9f22098dbbd5
$12001
$aДирекция императорских театров МИДв
$1251
$cФонд
$1852
$j497
215##$a7 л.
$d36,5х26 см
371##$aДокумент не является опубликованным и широко распространяемым
105##$ay###
1222#$ad
5171#$aДело по запросу Губернского правления о службе музыканта Кремера. 7 сентября 1821 г. - 17 сентября 1821 г
035##$a2c649d57-7255-457b-8d20-0d02f12a91bb
856##$uhttp://readingroom.main.prlib.ru/item.aspx?id_node=n119068963&mode=full
Формат отображения